| 000 | 00736nam a22002417a 4500 | ||
|---|---|---|---|
| 005 | 20170124110240.0 | ||
| 010 | _aA-294610 | ||
| 020 | _c00.00 | ||
| 035 | _aA-294610 | ||
| 037 | _bCen Lib/Ret | ||
| 040 |
_aDPL _bEN |
||
| 082 |
_a726.1 _bFAT |
||
| 245 |
_aFatehpur-sikri / _cedited by Michael Brand [and] Glenn D. Lowry |
||
| 246 | _b | ||
| 260 |
_aBombay _bMarg Publications _c1987 |
||
| 270 |
_bBombay _aMahatma gandhi road _e400023 |
||
| 300 |
_axii, 204p. : _c32cm(Hb) _bill. _e |
||
| 650 |
_aMughal architecture -- Fatehpur-sikri _994616 |
||
| 650 |
_aMedival Indan architecture _994617 |
||
| 700 |
_a Brand, Michael _994618 |
||
| 700 |
_a Lowry, Glenn D. _994619 |
||
| 942 |
_2ddc _cEN _h726.1 _mFAT |
||
| 999 |
_c135139 _d135139 |
||